| 000 | 00426nam a22001577a 4500 | ||
|---|---|---|---|
| 003 | SISC | ||
| 005 | 20160316101702.0 | ||
| 008 | 130906t xxu||||| |||| 00| 0 eng d | ||
| 050 |
_aPE 1 _b.H689 2006 |
||
| 082 |
_aHS 418.00 _bH66-7 2006 |
||
| 245 |
_aLanguage & writing 7 / _cDavid Hodgkinson |
||
| 260 |
_aSingapore : _bThomson Learning, _cc2006 |
||
| 300 |
_a160 p. : _bill. ; _c24 cm. |
||
| 942 |
_2lcc _cBK |
||
| 999 |
_c10526 _d10526 |
||